000 00440nam a2200145Ia 4500
008 210716s2000 xx 000 0 und d
020 _a1576750841
041 _aeng
082 _a658.406 AXER
100 _aAxelrod, Richard H.
245 _aTerms of engagement: changing the way we change organizations.
_bChanging the way we change organizations.
250 _a1
260 _aSan Francisco
_bBerrett-Koehler
_c2000
300 _axvii,222
999 _c200547
_d200547